Photosynthesis. (Record no. 23334)

MARC details
000 -LEADER
fixed length control field 00329nam a2200133Ia 4500
082 ## - DEWEY DECIMAL CLASSIFICATION NUMBER
Classification number 581.132
Item number RAB
100 ## - MAIN ENTRY--AUTHOR NAME
Personal name GOVINDJEE, Eugene
245 #0 - TITLE STATEMENT
Title Photosynthesis.
260 ## - PUBLICATION, DISTRIBUTION, ETC. (IMPRINT)
Place of publication New Delhi
Name of publisher Wiley Eastern
Year of publication 1969
650 ## - SUBJECT ADDED ENTRY--TOPICAL TERM
Topical Term Photosynthesis
700 ## - ADDED ENTRY--PERSONAL NAME
Personal name RABINOWITCH
942 ## - ADDED ENTRY ELEMENTS (KOHA)
Koha item type Books
Holdings
Withdrawn status Lost status Damaged status Not for loan Home library Current library Date acquired Full call number Accession Number Koha item type
        RRII Library RRII Library 16/12/2021 581.132 RAB 04035 Books